000
00192 a2200097 4500
001
8184
100
_a
Huxley, A
245
_a
After Many summer
260
_a
_b
Chatto
_c
090
_c
6572
_d
6572
942
_a
NUST-CAE
_c
M
_c
33125
999
_c
243257
_d
243257